Statistics for Born in Riga

Click here to take the quiz!

General Stats

  • This quiz has been taken 7 times
  • The average score is 12 of 19

Answer Stats

HintAnswer% Correct
President of Latvia since 2019 and former member of the European Court of Justice from 2004 to 20191955Egils Levits
100%
First female President of Latvia from 1999 to 20071937Vaira Vike-Freiberga
100%
President of Latvia from 2007 to 20111955Valdis Zatlers
100%
President of Latvia from 1993 to 19991939Guntis Ulmanis
83%
Tennis player and French Open champion 20171997Jelena Ostapenko
83%
Prime Minister of Latvia from 2004 to 2007 and current President of the Latvian Ice Hockey Federation1966Aigars Kalvitis
67%
former basketball player (Golden State Warriors)1986Andris Biedrins
67%
Ice hockey goaltender, Columbus Blue Jackets1994Elvis Merzlikins
67%
Ice hockey player, Pittsburgh Penguins1994Teodors Blugers
67%
Ice hockey player and highest-drafted Latvian in NHL history, Buffalo Sabres1994Zemgus Girgensons
67%
Prime Minister of Latvia from 1990 to 1993 and again from 2007 to 20091951Ivars Godmanis
50%
Russian-born American tailor and inventor of modern jeans1834Jacob W. Davis
50%
former Ice Hockey player, he has played the most games and scored the most points in the history of the Latvian national team1970Leonids Tambijevs
50%
Prime Minister of Latvia from 2009 to 20141971Valdis Dombrovskis
50%
former Latvian International football player, he holds the record for the most games played for the Latvian national team1971Vitalijs Astafjevs
50%
Russian-American actor, known for playing Peter Parker's landlord in the "Spider-Man" films1950Elya Baskin
33%
Computer scientist, he received the Turing Award in 19931928Juris Hartmanis
33%
Soviet director, "October" "Battleship Potemkin"1898Sergei Eisenstein
33%
Baltic German chemist and winner of the Nobel Prize in Chemistry, one of the founders of the field of physical chemistry1853Wilhelm Ostwald
33%

Score Distribution

Percentile by Number Answered

Percent of People with Each Score

Your Score History

You have not taken this quiz